01251cam a22003131a 4500001001300000003000400013005001700017008004100034010001700075035001900092040002500111042001200136050002300148051002600171070002200197072001500219082001100234100004600245245009000291260004600381300008000427440003900507500026600546504003000812500002000842650002600862650001900888700003000907gs 58000200 DLC20260227111406.0780930s1958 dcuab b f001 0 eng  ags 58000200  a(OCoLC)4257121 aDLCcOClUdDNALdDLC apremarc00aQE75b.B9 no. 1057 aTN490.M3bS5cCopy 2.0 a407bG29B no.10570 aX400aP300 a553.461 aSimons, Frank S.q(Frank Stanton),d1917-10aGeology of the manganese deposits of Cuba /cby Frank S. Simons and John A. Straczek. aWashington, [D.C.] :bU.S. G.P.O.,c1958. axi, 289 p. :bill., maps (some col.) ;c24 cm. +e32 folded leaves in case. 0aGeological Survey bulletin ;v1057 a"A summary report prepared in cooperation with the Dirección de Montes, Minas, y Aquas, Ministerio de Agricultura, under the auspices of the Interdepartmental Conference on Scientific and Cultural Cooperation with the American Republics, Department of State." aBibliography: p. 278-281. aIncludes index. 0aManganese oreszCuba. 0aGeologyzCuba.1 aStraczek, John A.,d1914-